00281nam a2200097Ia 4500008004100000100004700041245004500088260002800133300001000161650001200171190216s9999||||xx |||||||||||||| ||und|| aGordon J Van Wylen Richard E Sonntag 0aFundamentals Of Classical Thermodynamics bWiley Eastern Ltdc1984 a744 p aPhysics